000 00541nam a2200217Ia 4500
003 OSt
005 20220918192958.0
006 a|||||r|||| 00| 0
007 ta
008 220917b |||||||| |||| 00| 0 eng d
024 _a71,368
037 _cTextual
040 _aARTS
_cARTS
_beng
041 _2eng
_aeng
082 _aR3xM872:3, J2
100 _amarcel G
_980784
245 0 _aMetaphysical journal tr by Bernard Wall
260 _c1952
942 _hR3xM872:3, J2
_cTEXL
_2CC
999 _c197441
_d197441